000 00386nam a22001697a 4500
003 MPLRDC
005 20220104124333.0
008 210129b ||||| |||| 00| 0 eng d
082 _a738.6 CMH
100 _a陈蒙鹤编译
245 _a敦吡雳传
_c
250 _a初版
260 _a
_b上海书局有限公司
_c1961
300 _b
650 _a
942 _cBK
_o738.6 CMH
999 _c18533
_d18523